00591nam a22001337a 4500003000900000005001700009008004100026040001300067100002100080245009700101260003400198300004100232520018400273IT-RoPau20220918181109.0130624b xxu||||| |||| 00| 0 eng d cIT-RoPau aRocca, Giancarlo aLa formazione della Pia Società San Paolo (1914-1927)bAppunti e documenti per una storia. aRomab1982cTipografia P.U.G. a690 pp.c24 cmeCopia con correzioni aIndice Introduzione Parte prima: La buona stampa nei primi decenni del sec. XX Parte seconda: Cronologia e fatti salienti Parte terza: Questioni particolari Conclusione Documenti